Rosé - not the same (Lyrics) - Statistics

General Stats
  • This quiz has been taken 5 times
  • The average score is 275 of 338
Answer Stats
Lyrics % Correct
a
100%
and
100%
can
100%
did
100%
don't
100%
go
100%
gon'
100%
I
100%
I'm
100%
it
100%
it,
100%
just
100%
know
100%
love
100%
love,
100%
me
100%
me,
100%
my
100%
not
100%
same,
100%
same
100%
tell
100%
that
100%
the
100%
think
100%
to,
100%
to
100%
want
100%
we
100%
what
100%
who
100%
you
100%
your
100%
you're
100%
all
75%
babe
75%
but
75%
day
75%
for
75%
had
75%
in
75%
kidding,
75%
like
75%
nothing
75%
of
75%
oh,
75%
on
75%
one
75%
promise
75%
say
75%
till
75%
us,
75%
yeah,
75%
yeah
75%
be
50%
broke
50%
change
50%
circles
50%
come
50%
confide
50%
down
50%
drop
50%
face
50%
find
50%
fucked
50%
get
50%
good
50%
heart
50%
keep
50%
keys,
50%
letting
50%
lies,
50%
light
50%
memories
50%
miss
50%
new
50%
nothing's
50%
okay
50%
once,
50%
only
50%
our
50%
overnight
50%
pick
50%
pointing
50%
purple
50%
right
50%
shame
50%
shame,
50%
side
50%
some
50%
stuff,
50%
talking
50%
things
50%
through
50%
time
50%
tiring?
50%
trusting
50%
turns
50%
twice
50%
up
50%
up,
50%
walking
50%
waste
50%
way
50%
with
50%
days
25%
figure
25%
finger
25%
it'd
25%
put
25%
thought
25%
No matching quizzes found
Score Distribution
Percent of People with Each Score
Percentile by Number Answered
Your Score History
You have not taken this quiz